Digital measurement techniques (Record no. 69195)

000 -LEADER
fixed length control field 00453nam a22001697a 4500
003 - CONTROL NUMBER IDENTIFIER
control field NUST - PNEC
005 - DATE AND TIME OF LATEST TRANSACTION
control field 20170116181113.0
008 - FIXED-LENGTH DATA ELEMENTS--GENERAL INFORMATION
fixed length control field 151004b xxu||||| |||| 00| 0 eng d
020 ## - INTERNATIONAL STANDARD BOOK NUMBER
International Standard Book Number 8173190070
040 ## - CATALOGING SOURCE
Transcribing agency LIBRARY
082 ## - DEWEY DECIMAL CLASSIFICATION NUMBER
Classification number 621.381548 RAT
100 ## - MAIN ENTRY--PERSONAL NAME
9 (RLIN) 13027
Personal name Rathore, T. S.
245 ## - TITLE STATEMENT
Title Digital measurement techniques
Statement of responsibility, etc. T. S. Rathore
260 ## - PUBLICATION, DISTRIBUTION, ETC.
Date of publication, distribution, etc. c.1996
650 ## - SUBJECT ADDED ENTRY--TOPICAL TERM
9 (RLIN) 13028
Topical term or geographic name entry element Electronic instruments, Digital
General subdivision MIS, EL
942 ## - ADDED ENTRY ELEMENTS (KOHA)
Source of classification or shelving scheme
Koha item type Book
Holdings
Withdrawn status Lost status Source of classification or shelving scheme Damaged status Not for loan Permanent Location Current Location Shelving location Date acquired Total Checkouts Full call number Barcode Date last seen Price effective from Koha item type
          Pakistan Navy Engineering College (PNEC) Pakistan Navy Engineering College (PNEC)       621.381548 RAT PNECLIB-019199 10/04/2015   Book
© 2023 Central Library, National University of Sciences and Technology. All Rights Reserved.